| 000 | 00696cab a22001935a 4500 | ||
|---|---|---|---|
| 001 | L157559 | ||
| 008 | 130117e20130112xxk 000 0 eng d | ||
| 035 | _a(Sirsi) u157559 | ||
| 041 | 0 | _aeng | |
| 100 | 1 | _aDeckker, Sebastian | |
| 245 | 0 | 0 | _aMethodical inspection offers protection |
| 260 | _c2013 | ||
| 490 |
_aEstates Gazette _v(1302) 12 January 2013, 62-63(2) |
||
| 520 | _aPrinciples and best practice for providing valuations of residential property for loan security purposes. Mentions the three major stages for the inspection process, pre-inspection, the inspection and the post inspection. | ||
| 590 | _aKA | ||
| 651 | 4 | _aUnited Kingdom | |
| 690 |
_aValuation _96273 |
||
| 942 | _n0 | ||
| 999 |
_c84410 _d84410 |
||